000 00990nam a2200289Ia 4500
001 Para_1402
003 CHAP
008 220125s1999 xx 000 0 und d
010 _a200110
040 _cCHAP
090 _aPA TESIS 1343
100 _aGutiérrez Miguel, Feliciana
_9165033
245 _aControl químico de trips (Thrips tabaci L.), en el cultivo de cebolla (allium cepa L.), utilizando diferentes tamaños de gota en Jolalpan, Puebla /
_c por Feliciana Miguel Gutiérrez
260 _aChapingo, Méx. :
_b El autor
300 _a51 h.
502 _aTesis (Ing. Agr. Esp. en Parasitología Agrícola), UACh. Depto. Parasitología
650 _aCebolla
_x plagas
_920793
650 _aTrips
_9164497
710 _aUACh. Departamento de Parasitología Agrícola
_9115877
901 _aPA TESIS 1343
902 _aA
905 _a0000001999 0000000000 00
910 _a1999
942 _cPARA
942 _cPARA
_d1
999 _c200110
_d200110